000 00608nam a2200229Ia 4500
003 OSt
005 20221005090401.0
006 a|||||r|||| 00| 0
007 ta
008 221004b |||||||| |||| 00| 0 eng d
024 _a65723
037 _cTextual
040 _aCRL
_cCRL
_beng
041 _2eng
_aeng
082 _aV5:1.N3, H8.1
100 _aHayes Carlton J H
245 0 _aPolitical and cultural history of modern Europe
260 _aNew York
_bMacmillan
_c1938
650 _aHISTORY
942 _hV5:1.N3, H8.1
_cTEXL
_2cc
999 _c995726
_d995726